May Brainrot pop quiz - Statistics

General Stats
  • This quiz has been taken 11 times
  • The average score is 3 of 15
Answer Stats
Hint Answer % Correct
Which country has A.I generated characters, typically animals mixed with inanimate objects. Italy
89%
If you see me out in ___, say hi (parody) Quahog
44%
Who do you call when you need to humble someone? PackGod
33%
Good news, we can finally be ___ Bees
22%
Roblox model rabbit, sometimes accompanied by an eating face Gubby
22%
___, ___ I feel so ___ Lonely
22%
Artist who wrote the original? (R.I.P) Wifi Skeleton
22%
From which country is the man who sits in public, singing and readjusting his plate between lyrics? China
11%
Character who's edit popularized the song Dante
11%
You got the ___ (simpsons) Dud
11%
From which movie does it's characters shake their heads, and point their fingers to a goofy ahh song? Home Alone
11%
I'm not that ____ (block 13) Innocent
11%
Liver and ___ Onions
11%
Mark, I made a ___ Steak
11%
Who sang "espresso macchiato" at Eurovision? Tommy Cash
11%
No matching quizzes found
Score Distribution
Percent of People with Each Score
Percentile by Number Answered
Your Score History
You have not taken this quiz